| Tag |
First Indicator |
Second Indicator |
Subfields |
| LEADER |
00000cam a2200000 a 4500 |
| 001 |
in00005518656 |
| 006 |
m o d |
| 007 |
cr cnu---unuuu |
| 008 |
040107s1982 enka ob 001 0 eng d |
| 005 |
20241108165404.0 |
| 010 |
|
|
|z 81165738
|
| 035 |
|
|
|a (OCoLC)ocm53990125
|
| 040 |
|
|
|a N$T
|b eng
|e pn
|c N$T
|d OCLCQ
|d YDXCP
|d OCLCQ
|d BTCTA
|d E7B
|d IDEBK
|d OCLCQ
|d CAI
|d OCLCQ
|d OCLCF
|d OCLCQ
|d OCLCO
|d OCLCQ
|d EBLCP
|d N$T
|d TYFRS
|d OCLCQ
|d UKMGB
|d OCLCQ
|d K6U
|d OCLCO
|d OCLCQ
|d OCLCO
|d UKAHL
|d OCLCQ
|d OCLCO
|d OCLCQ
|d OCLCL
|d DXU
|
| 015 |
|
|
|a GBB892593
|2 bnb
|
| 016 |
7 |
|
|a 018866819
|2 Uk
|
| 019 |
|
|
|a 276786677
|a 515516328
|a 936888449
|a 1000430523
|a 1444011198
|
| 020 |
|
|
|a 0203490568
|q (electronic bk.)
|
| 020 |
|
|
|a 9780203490563
|q (electronic bk.)
|
| 020 |
|
|
|a 1482292831
|q (electronic bk.)
|
| 020 |
|
|
|a 9781482292831
|q (electronic bk.)
|
| 020 |
|
|
|z 085334972X
|q (pbk.)
|
| 020 |
|
|
|a 0429177178
|
| 020 |
|
|
|a 9780429177170
|
| 020 |
|
|
|a 9786610020720
|
| 020 |
|
|
|a 6610020728
|
| 035 |
|
|
|a (OCoLC)53990125
|z (OCoLC)276786677
|z (OCoLC)515516328
|z (OCoLC)936888449
|z (OCoLC)1000430523
|z (OCoLC)1444011198
|
| 037 |
|
|
|a TANDF_376703
|b Ingram Content Group
|
| 050 |
|
4 |
|a TP1180.V48
|b M33 1982eb
|
| 072 |
|
7 |
|a TEC
|x 009010
|2 bisacsh
|
| 072 |
|
7 |
|a TN
|2 bicssc
|
| 082 |
0 |
4 |
|a 668.4/236
|2 22
|
| 049 |
|
|
|a TXAM
|
| 245 |
0 |
0 |
|a Manufacture and processing of PVC /
|c edited by R.H. Burgess.
|
| 260 |
|
|
|a London :
|b Applied Science,
|c ©1982.
|
| 300 |
|
|
|a 1 online resource (xviii, 276 pages) :
|b illustrations
|
| 336 |
|
|
|a text
|b txt
|2 rdacontent
|
| 337 |
|
|
|a computer
|b c
|2 rdamedia
|
| 338 |
|
|
|a online resource
|b cr
|2 rdacarrier
|
| 504 |
|
|
|a Includes bibliographical references and index.
|
| 505 |
0 |
|
|a Suspension polymerisation of vinyl chloride / R.H. Burgess -- Bulk processes for the manufacture of PVC / M.W. Allsopp -- The manufacture of PVC paste and emulsion polymers / D.E.M. Evans -- Vinyl chloride copolymers and PVC blends / R.H. Burgess -- The toxicity of vinyl chloride and its removal from PVC / R.H. Burgess -- Isolation processes for PVC / V.G. Lovelock -- Morphology of PVC / M.W. Allsopp -- Mechanism of gelation of rigid PVC / M.W. Allsopp -- The processing of rigid PVC / D.A. Tester -- The processing of plasticised PVC / D.A. Tester.
|
| 588 |
0 |
|
|a Print version record.
|
| 520 |
|
|
|a This ten chapter book on the manufacture and processing of PVC covers bulk processing, paste, emulsion, blends, toxicity, morphology, rigid PVC and plasticised PVC.
|
| 650 |
|
0 |
|a Polyvinyl chloride.
|
| 650 |
|
2 |
|a Polyvinyl Chloride
|
| 650 |
|
6 |
|a Chlorure de polyvinyle.
|
| 650 |
|
7 |
|a polyvinyl chloride.
|2 aat
|
| 650 |
|
7 |
|a TECHNOLOGY & ENGINEERING
|x Chemical & Biochemical.
|2 bisacsh
|
| 650 |
|
7 |
|a Polyvinyl chloride
|2 fast
|
| 655 |
|
7 |
|a Electronic books.
|2 local
|
| 700 |
1 |
|
|a Burgess, R. H.
|
| 710 |
2 |
|
|a Taylor & Francis.
|
| 740 |
0 |
|
|a Manufacture and processing of P.V.C.
|
| 758 |
|
|
|i has work:
|a Manufacture and processing of PVC (Text)
|1 https://id.oclc.org/worldcat/entity/E39PCYqXHJQdGtqxfMYgC7Yjcq
|4 https://id.oclc.org/worldcat/ontology/hasWork
|
| 776 |
0 |
8 |
|i Print version:
|t Manufacture and processing of PVC.
|d London : Applied Science, ©1982
|z 085334972X
|w (DLC) 81165738
|w (OCoLC)8766961
|
| 856 |
4 |
0 |
|u http://proxy.library.tamu.edu/login?url=https://www.taylorfrancis.com/books/9780429177170
|z Connect to the full text of this electronic book
|t 0
|
| 955 |
|
|
|a Taylor and Francis ENGnetBASE
|
| 994 |
|
|
|a 92
|b TXA
|
| 999 |
f |
f |
|s 7b74a8d6-b79e-492b-b166-d3478c9de275
|i 825565fb-586b-4b94-b254-e439cd2b09ae
|t 0
|
| 952 |
f |
f |
|a Texas A&M University
|b College Station
|c Electronic Resources
|d Available Online
|t 0
|e TP1180.V48 M33 1982eb
|h Library of Congress classification
|
| 998 |
f |
f |
|a TP1180.V48 M33 1982eb
|t 0
|l Available Online
|